| 000 | 02696nam0a2200553 4500 | ||
|---|---|---|---|
| 001 | RU\NLR\bibl\1718582 | ||
| 005 | 20260405220554.0 | ||
| 010 |
_a978-5-4248-0009-2 _91000 |
||
| 021 |
_aRU _b2010-94396 _96358 |
||
| 035 | _a(nilc)LIBNET\0000092124 | ||
| 035 | _a2VIL\RUSMED\0000174938 | ||
| 035 | _a(NLR Aleph) 001709590 | ||
| 090 |
_a1271706 _c1271706 |
||
| 100 | _a20101209d2010 |||y0rusy50 ca | ||
| 101 | 0 |
_arus _aeng |
|
| 102 | _aRU | ||
| 105 | _ay ||||||||| | ||
| 200 | 1 |
_aАнгло-русский словарь по охране труда и средствам индивидуальной защиты _dEnglish-russian dictionary of occupational safety and personal protective equipment _fС. С. Козицкий _g[Ассоц. разработчиков, изготовителей и поставщиков средств индивидуальной защиты] _zeng |
|
| 210 |
_aМосква _cЭНАС _d2010 |
||
| 215 |
_a324, [1] с. _d21 |
||
| 300 | _aАвт. также на англ. яз.: S. S. Kozitsky | ||
| 510 | 1 |
_6z22790 _aEnglish-russian dictionary of occupational safety and personal protective equipment _zeng |
|
| 606 | 1 |
_aАнглийский язык _xТерминология охраны труда _xСловари _xРусский язык _92617749 _3RU\NLR\auth\661554309 |
|
| 606 | 1 |
_aПРОФЕССИОНАЛЬНАЯ ГИГИЕНА _jсловари _2rus_mesh _3R30812 |
|
| 606 | 1 |
_aOCCUPATIONAL HEALTH _2rus_mesh _3E30812 |
|
| 606 | 1 |
_aЗАЩИТНЫЕ ПРИСПОСОБЛЕНИЯ _jсловари _2rus_mesh _3R11663 |
|
| 606 | 1 |
_aPROTECTIVE DEVICES _2rus_mesh _3E11663 |
|
| 606 | 1 |
_aОхрана труда _jТерминологические словари _91241403 _3RU\NLR\auth\66189841 |
|
| 606 | 1 |
_aИндивидуальные средства защиты _jТерминологические словари _92282913 _3RU\NLR\auth\661367657 |
|
| 686 |
_a76.33.37 _2rugasnti |
||
| 686 |
_a16.41.21 _2rugasnti |
||
| 686 |
_a76.01.33 _2rugasnti |
||
| 686 |
_aN01.400.525 _v2010 _2MESH |
||
| 686 |
_aE07.700 _v2010 _2MESH |
||
| 686 |
_aJ01.637.708 _v2010 _2MESH |
||
| 686 | _aШ143.21-434.1 | ||
| 686 | _aШ141.12-434.2 | ||
| 686 | _aУ24(0)7я212 | ||
| 686 | _aЖ.н605.3я212.2 | ||
| 700 | 1 |
_4070 _8rus _7ca _aКозицкий _bС. С. _gСергей Сергеевич _3RU\NLR\auth\7798966 _981892 |
|
| 790 | 1 |
_4070 _8rus _7ba _aKozickij _bS. S. _gSergej Sergeevič _3RU\NLR\auth\7798967 _981893 |
|
| 801 | 0 |
_aRU _bЦНМБ _c20101209 _gPSBO |
|
| 801 | 1 |
_aRU _bЦНМБ _c20101209 |
|
| 801 | 2 |
_aRU _bЦНМБ _c20101216 |
|
| 801 | 2 |
_aRU _bNLR _c20101223 _grcr |
|
| 830 | _aавт. по кн. | ||
| 942 | _cBOOK | ||
| 980 | _aNB | ||